Arquitectura sanitària i de serveis socials a Catalunya
Descripción Física:
303 p. : il., col. ; 29 cm
MARC
| LEADER | 00000nam a2200000Ia 4500 | ||
|---|---|---|---|
| 001 | 7847 | ||
| 008 | 160829s1987 xx 000 0 cat d | ||
| 080 | |a B-1-292 | ||
| 245 | |a Arquitectura sanitària i de serveis socials a Catalunya | ||
| 260 | |a Barcelona : |b Generalitat de Catalunya. Departament de Sanitat i Seguretat Social, |c 1987 | ||
| 300 | |a 303 p. : |b il., col. ; |c 29 cm | ||
| 650 | |a Edificis sanitaris |x Catalunya |9 37115 | ||
| 650 | |a Edificis de serveis socials |x Catalunya |9 37116 | ||
| 710 | 1 | |a Catalunya. |b Departament de Sanitat i Seguretat Social |9 56409 | |
| 901 | |a Arxiu | ||
| 942 | |n 1 | ||
| 952 | |0 0 |1 0 |4 0 |6 B1292 |7 1 |9 47672 |a Arxiu |b Arxiu |d 2016-12-01 |l 0 |o B-1-292 |p 7847 |r 2016-12-01 00:00:00 |w 2016-12-01 |y ARXIU | ||
| 999 | |c 51471 |d 51471 | ||